Taylor Swift - dorothea Lyrics - Statistics

General Stats
  • This quiz has been taken 127 times
  • The average score is 205 of 245
Answer Stats
Answer % Correct
do
100%
Dorothea
100%
ever
100%
you
100%
You
100%
a
98%
A
98%
about
98%
and
98%
And
98%
Hey
98%
me?
98%
me
98%
stop
98%
think
98%
to
98%
I
97%
we
95%
When
95%
your
95%
the
93%
The
93%
were
93%
it
91%
be
90%
Oh
90%
back
86%
but
86%
But
86%
come
86%
in
86%
It's
86%
it's
86%
of
86%
go
84%
magazines
84%
my
84%
never
84%
wanna
84%
who
84%
ya
84%
you're
84%
You're
84%
always
83%
know
83%
that
83%
too
83%
town
83%
younger
83%
all
81%
for
81%
got
81%
is
81%
known
81%
late
81%
like
81%
now
81%
on
81%
place
81%
they
81%
you'll
81%
friends
79%
if
79%
makeup
79%
park
79%
queen
79%
same
79%
see
79%
was
79%
eyes
78%
i'll
78%
just
78%
misery
78%
mom
78%
only
78%
side
78%
This
78%
tired
78%
well
78%
Well
78%
being
76%
brighter
76%
left
76%
makin'
76%
shine
76%
are
74%
as
74%
down
74%
guess
74%
nothin'
74%
off
74%
sellin'
74%
wishes
74%
bleachers?
72%
dreams
72%
shined
72%
stars
72%
way
72%
Honey
71%
piss
71%
prom
71%
shiny
71%
since
71%
tiny
71%
under
71%
her
69%
met
69%
Tupelo
69%
damn
67%
schemes
67%
screen's
67%
still
67%
with
67%
pageant
66%
show
64%
anything
62%
skippin'
62%
buy
59%
i'd
59%
lark
59%
won't
59%
From
57%
soul
57%
Uh
53%
uh
53%
calmer
52%
No matching quizzes found
Score Distribution
Percent of People with Each Score
Percentile by Number Answered
Your Score History
You have not taken this quiz